Η ξύλινη : παραμύθι του τόπου μας
Αποθηκεύτηκε σε:
| Κύριος συγγραφέας: | |
|---|---|
| Μορφή: | Βιβλίο |
| Γλώσσα: | Greek |
| Δημοσίευση: |
Λευκωσία :
[χ.ό.],
1990
|
| Θέματα: | |
| Ετικέτες: |
Προσθήκη ετικέτας
Δεν υπάρχουν, Καταχωρήστε ετικέτα πρώτοι!
|
MARC
| LEADER | 00000nam a2200000 i 4500 | ||
|---|---|---|---|
| 001 | 1/77929 | ||
| 008 | 970214s1990 gre d | ||
| 020 | |a 9963-7708-1-9 | ||
| 035 | |a 1993 |b 1 |c Δωρεά |l 10032794 | ||
| 040 | |a GR-MY-UA |b gre |e aacr | ||
| 041 | 0 | |a gre | |
| 082 | 0 | |a 808.899282 | |
| 100 | 1 | |a Τζούβα-Πάικκου, Μαρούλα. | |
| 245 | 1 | 2 | |a Η ξύλινη : |b παραμύθι του τόπου μας / |c Μαρούλα Τζούβα-Παϊκου |
| 260 | |a Λευκωσία : |b [χ.ό.], |c 1990 | ||
| 300 | |a 70 σ. | ||
| 650 | 0 | 0 | |a Children's literature, Greek (Modern) |z Cyprus. |
| 852 | |a INST |b RHODES |e 19970214 |h 808.899282 ΤΖΟ |p 005400010459 |q 005400010459 |t BK |y 0 | ||
| 909 | |a Ρ |b 024553 |c 1993 | ||
| 970 | |z 2000/06/ΟΙΚΟΝΟΜΟΠΟΥΛΟΥ (SUBJECT) | ||